000 00803nam a2200265 a 4500
001 46394
003 BD-RjUL
005 20211209054139.0
008 160802s1953 pk 000 0 eng
035 _a(BD-RjUL)46512
040 _aDLC
_cDLC
_dDLC
_beng
041 _aeng
082 0 0 _a345.5491002632
_bCOD 1953
110 1 _aPakistan.
_kLaws, statutes, etc.
_9141656
245 1 4 _aThe Code of Criminal procedure 1898 :
_bAct V of 1898 : as amended up to date /
250 _a12 th edi.
260 _a[Lahore :
_bPakistan Legal Publications,
_c1953
300 _av. ;
_c24 cm.
505 0 1 _aVol. 1-- V. 2--
650 0 _aCriminal procedure
_zPakistan.
_9141105
700 _aMitra, B, B.
_9249286
700 _aGhosh, K. M.
_9249287
942 _2ddc
_cBK
999 _c46394
_d46394